Central Library OPAC University of Rajshahi

اتجزیے /Tazjiy / (Record no. 83446)

MARC details
000 -LEADER
fixed length control field 00568nam a22002057a 4500
001 - CONTROL NUMBER
control field 83446
003 - CONTROL NUMBER IDENTIFIER
rucl marc code BD-RjUL
005 - DATE AND TIME OF LATEST TRANSACTION
control field 20240321134337.0
008 - FIXED-LENGTH DATA ELEMENTS--GENERAL INFORMATION
fixed length control field 240321s1973 p ||||| |||| 00| 0 urd d
035 ## - SYSTEM CONTROL NUMBER
System control number (BD-RjUL) 83446
040 ## - CATALOGING SOURCE
Original cataloging agency BD-RjUL
Language of cataloging eng
Transcribing agency BD-RjUL
041 ## - LANGUAGE CODE
Language code of text/sound track or separate title urd
082 ## - DEWEY DECIMAL CLASSIFICATION NUMBER
Edition number 23
Classification number 891.4394
Author mark and year CHT 1973
100 ## - MAIN ENTRY--PERSONAL NAME
Personal name اقبال ;; Iqbal
9 (RLIN) 10198
245 ## - TITLE STATEMENT
Title اتجزیے /Tazjiy /
Statement of responsibility, etc. گیان چند ;; Gyan Chand
260 ## - PUBLICATION, DISTRIBUTION, ETC. (IMPRINT)
Place of publication, distribution, etc. Delhi :
Name of publisher, distributor, etc. Maktubat i Jamiah ,
Date of publication, distribution, etc. 1973
300 ## - PHYSICAL DESCRIPTION
Pagination 352 p. ;
Size 22 cm cm
650 ## - SUBJECT ADDED ENTRY--TOPICAL TERM
Topical term or geographic name as entry element Urdu
Form subdivision Essays
9 (RLIN) 12486
942 ## - ADDED ENTRY ELEMENTS (KOHA)
Source of classification or shelving scheme Dewey Decimal Classification
Koha item type Books
Holdings
Lost status Source of classification or shelving scheme Damaged status Not for loan Collection code Permanent Location Current Location Shelving location Date acquired Source of acquisition Cost, normal purchase price Full call number Date last seen Copy number Koha item type
  Dewey Decimal Classification   Not For Loan Non-fiction Central Library, University of Rajshahi Central Library, University of Rajshahi Reading Room 09/01/1985 Asiatic through tulip calcatta 33.00 U 891.4394 CHT 1973 21/03/2024 C-1 Books